<?xml version="1.0" encoding="UTF-8"?>
<record
    xmlns:xsi="http://www.w3.org/2001/XMLSchema-instance"
    xsi:schemaLocation="http://www.loc.gov/MARC21/slim http://www.loc.gov/standards/marcxml/schema/MARC21slim.xsd"
    xmlns="http://www.loc.gov/MARC21/slim">

  <leader>00202nam a2200085   4500</leader>
  <controlfield tag="001">1255135</controlfield>
  <controlfield tag="005">20251204125530.0</controlfield>
  <datafield tag="245" ind1=" " ind2=" ">
    <subfield code="a">ORMAN D&#xDC;NYA EFSANES&#x130;</subfield>
    <subfield code="c">&#x15E;ABAN &#xC7;UMAN</subfield>
  </datafield>
  <datafield tag="260" ind1=" " ind2=" ">
    <subfield code="b">GEN&#xC7; T&#x130;MA&#x15E; YAYINLARI</subfield>
  </datafield>
  <datafield tag="999" ind1=" " ind2=" ">
    <subfield code="c">1255135</subfield>
    <subfield code="d">1255135</subfield>
  </datafield>
  <datafield tag="952" ind1=" " ind2=" ">
    <subfield code="0">0</subfield>
    <subfield code="1">0</subfield>
    <subfield code="2">ddc</subfield>
    <subfield code="4">0</subfield>
    <subfield code="7">0</subfield>
    <subfield code="a">1054</subfield>
    <subfield code="b">1054</subfield>
    <subfield code="d">2025-12-04</subfield>
    <subfield code="l">1</subfield>
    <subfield code="o">K3</subfield>
    <subfield code="p">10545673</subfield>
    <subfield code="q">2025-12-20</subfield>
    <subfield code="r">2025-12-05 13:56:44</subfield>
    <subfield code="s">2025-12-05</subfield>
    <subfield code="w">2025-12-04</subfield>
    <subfield code="y">BK</subfield>
  </datafield>
</record>
